| 000 | 01089nam1a2200301 4500 | ||
|---|---|---|---|
| 001 | RU\NLR\BIBL_A\022718989 | ||
| 005 | 20260420063023.0 | ||
| 010 | _a978-5-392-45448-8 | ||
| 035 | _a(NLR Aleph) 022718989 | ||
| 090 |
_a13687989 _c13687989 |
||
| 100 | _a20260205d2026 u y0rusy50 ca | ||
| 101 | 0 | _arus | |
| 102 | _aRU | ||
| 105 | _aa|||j|||000zy | ||
| 181 | 0 |
_ai3 _baxxe |
|
| 182 | 0 | _an | |
| 200 | 1 |
_aЗанимательная геометрия _fЯ. И. Перельман |
|
| 203 |
_aТекст _bвизуальный _cнепосредственный |
||
| 210 |
_aМосква _cПроспект _d2026 (печ. 2025) |
||
| 215 |
_a220, [1] с. _cил. _d21 |
||
| 225 | 1 | _aДом занимательной науки | |
| 606 | 1 |
_aЗанимательная геометрия _92246957 _3RU\NLR\AUTH\661347978 |
|
| 686 | 1 | _aВ181я92 | |
| 700 | 1 |
_7ca _8rus _aПерельман _bЯ. И. _f1882-1942 _gЯков Исидорович _928413 _3RU\NLR\AUTH\7745475 |
|
| 942 | _cBOOK | ||
| 980 | _aNB | ||